Missing Word: 1960 Movies A-Z Quiz Stats

 Plays Quiz Updated May 16, 2018

Challenge
Share
Tweet
Embed
Score 0/24 Timer 05:00
1 Play Today
Letter Missing Word % Correct
HHorrors
96.3%
GGrass
95.2%
NNight
94.8%
WWhere
93%
SSwiss
92.9%
TTime
92.9%
LLove
91.1%
MMagnificent
89.6%
DDamned
86%
FFace
83.1%
OOcean's
82.6%
YYoung
80.9%
Letter Missing Word % Correct
QQueen
80.8%
EElmer
68.3%
RRat
66.4%
UUsher
64.7%
AAlaska
63.3%
JJekyll
60.7%
KKing
53%
PPeeping
52.1%
IInherit
48.1%
VVoyage
15.2%
BBeauty
9.8%
CCleopatra's
4%

Today's Daily Dose

Missing Word
Podcasts A-Z

Word Ladder
Rowing

On This Day
January 22nd II

You're not logged in!

Compare scores with friends on all Sporcle quizzes.
OR
Log In

You Might Also Like...

Show Comments

Extras

Top Quizzes Today


Score Distribution

Your Account Isn't Verified!

In order to create a playlist on Sporcle, you need to verify the email address you used during registration. Go to your Sporcle Settings to finish the process.

Report this User

Report this user for behavior that violates our Community Guidelines.

Details: